| 000 | 00947nam a2200253 a 4500 | ||
|---|---|---|---|
| 999 |
_c20225 _d20225 |
||
| 005 | 20180605122456.0 | ||
| 008 | 140424s2012 ck a gr 00010dspa d | ||
| 020 | _a9789587530759 | ||
| 020 | _a9789587530582 (obra completa) | ||
| 040 |
_aCO-BoBLA _cCO-BoBLA |
||
| 041 | 0 | _aspa | |
| 044 | _ack | ||
| 082 | 0 | 4 |
_a306.409861 _bP14h |
| 245 | 0 | 0 |
_aManual introductorio : _bBiblioteca Básica de Cocinas Tradicionales de Colombia. |
| 250 | _aPrimera edición | ||
| 260 |
_aBogotá (Colombia) : _bMinisterio de Cultura, _c2012. |
||
| 300 |
_a207 páginas : _bilustraciones ; _c21 x 17 cm. |
||
| 490 | 0 |
_aBiblioteca básica de cocinas tradicionales de Colombia ; _v16 |
|
| 504 | _aIncluye referencias bibliográficas. | ||
| 630 | 1 | 4 |
_aBiblioteca básica de cocinas tradicionales de Colombia _vReseñas |
| 650 | 2 | 6 |
_aPreparación de alimentos _zColombia |
| 650 | 2 | 4 |
_aCocina colombiana _vTerminología |
| 942 |
_2ddc _cLIBRO |
||